Справочник технолога-приборостроителя / (Record no. 529868)
[ view plain ]
| 000 -LEADER | |
|---|---|
| fixed length control field | 00766nam a2200217 u 4500 |
| 001 - CONTROL NUMBER | |
| control field | 000767488 |
| 003 - CONTROL NUMBER IDENTIFIER | |
| control field | AM-YEHGA |
| 005 - DATE AND TIME OF LATEST TRANSACTION | |
| control field | 20250617164816.0 |
| 008 - FIXED-LENGTH DATA ELEMENTS--GENERAL INFORMATION | |
| fixed length control field | 101022s1962 ru a||||r|||||000|0|rus|| |
| 040 ## - CATALOGING SOURCE | |
| Original cataloging agency | AM-YeHGA |
| 041 0# - LANGUAGE CODE | |
| Language code of text/sound track or separate title | rus |
| 090 ## - LOCALLY ASSIGNED LC-TYPE CALL NUMBER (OCLC); LOCAL CALL NUMBER (RLIN) | |
| -- | 568354 |
| 245 00 - TITLE STATEMENT | |
| Title | Справочник технолога-приборостроителя / |
| Statement of responsibility, etc. | А.Т. Белевцев и др. ; Под ред. А.Н. Малова. |
| 260 ## - PUBLICATION, DISTRIBUTION, ETC. | |
| Place of publication, distribution, etc. | Москва : |
| Name of publisher, distributor, etc. | Машгиз, |
| Date of publication, distribution, etc. | 1962. |
| 300 ## - PHYSICAL DESCRIPTION | |
| Extent | 988 с. : |
| Other physical details | ил., табл. ; |
| Dimensions | 22 см. |
| 500 ## - GENERAL NOTE | |
| General note | Предм. указ. : с. 948-988 |
| 650 14 - SUBJECT ADDED ENTRY--TOPICAL TERM | |
| Topical term or geographic name entry element | Приборостроительсво |
| Form subdivision | Справочники |
| 700 1# - ADDED ENTRY--PERSONAL NAME | |
| Personal name | Малов, А.Н |
| Relator term | ред. |
| Relationship | edt |
| 700 1# - ADDED ENTRY--PERSONAL NAME | |
| Personal name | Белевцев, А.Т. |
| 942 ## - ADDED ENTRY ELEMENTS (KOHA) | |
| Source of classification or shelving scheme | Universal Decimal Classification |
| Koha item type | Գրքեր / Books |
| Withdrawn status | Lost status | Damaged status | Not for loan | Collection | Home library | Current library | Date acquired | Total checkouts | Full call number | Barcode | Date last seen | Price effective from | Koha item type | Public note |
|---|---|---|---|---|---|---|---|---|---|---|---|---|---|---|
| General | Fundamental Scientific Library | Fundamental Scientific Library | 07/04/2022 | РII/73076 | FL0676422 | 05/04/2024 | 07/04/2022 | Գրքեր / Books | 30 Days Loan |
ՀՀ Գիտությունների ազգային ակադեմիայի հիմնարար գիտական գրադարան = Fundamental Scientific Library of NAS RA
All site content, except where otherwise noted, is licensed under a